000 00959nam a22002537a 4500
005 20170123162334.0
010 _aB-050668
020 _c200.00
035 _aB-050668
037 _bCen Lib/Ret
040 _aDPL
_bUR
082 _a840.8
_bپ ر ے
100 _aجی.کے. مانک ٹالا
_9123443
245 _aپریم چند کا سیکولر کردار اور دیگر مضامین /
_cجی.کے. مانک ٹالا
246 _aPrem Chand ka secular kirdar aur digar mazameen /
_bby G.K. Manaktal
260 _aنیی دہلی
_bمکتبہ جدید
_c2001
270 _a٩/١٠، گولہ مارکیٹ دریاگنج
_bنیی دہلی
_e110002
300 _a224p.
_c21cm(Hb)
650 _a ادب - ہندی
_9123444
650 _aسیکولرازم - ہندی پریم چند
_9123445
650 _aLiterature -- Hindi
_983958
650 _aSecularism -- Hindi Prem Chand
_9123446
942 _2ddc
_cUR
_h840.8
_mپ ر ے
999 _c108042
_d108042